The social economy route to regeneration (Record no. 117828)
[ view plain ]
| 000 -LEADER | |
|---|---|
| fixed length control field | 01297cam a2200241 4500 |
| 001 - CONTROL NUMBER | |
| control field | ABS68165 |
| 008 - FIXED-LENGTH DATA ELEMENTS--GENERAL INFORMATION | |
| fixed length control field | 040809n2004 000 0 eng u |
| 035 ## - SYSTEM CONTROL NUMBER | |
| System control number | (Sirsi) u127031 |
| 100 ## - MAIN ENTRY--PERSONAL NAME | |
| Personal name | Jones, P. |
| 245 #4 - TITLE STATEMENT | |
| Title | The social economy route to regeneration |
| 260 ## - PUBLICATION, DISTRIBUTION, ETC. | |
| Date of publication, distribution, etc. | 2004 |
| 490 ## - SERIES STATEMENT | |
| Series statement | Town and Country Planning |
| Volume/sequential designation | 73(7/8) July/August 2004, 232-234(3) |
| 520 ## - SUMMARY, ETC. | |
| Summary, etc. | Examines the various ways social enterprise is currently contributing to urban regeneration. Considers the competing definitions of social enterprise, estimates the size of the social economy in the UK and enlarges on the government strategy for creating an enabling environment for social enterprise. Gives a wide range of examples of how social enterprises are involved in urban regeneration activities in England and Wales. Analyses the strengths and weaknesses of social enterprises in respect of their regeneration role and concludes that their main but not necessarily exclusive focus seems likely to be in developing human capital to complement physical regeneration projects. Notes. |
| 590 ## - LOCAL NOTE (RLIN) | |
| Local note | ABS |
| 590 ## - LOCAL NOTE (RLIN) | |
| Local note | ABS |
| 650 ## - SUBJECT ADDED ENTRY--TOPICAL TERM | |
| Topical term or geographic name entry element | Sustainability |
| 9 (RLIN) | 6271 |
| 650 ## - SUBJECT ADDED ENTRY--TOPICAL TERM | |
| Topical term or geographic name entry element | URBAN REGENERATION |
| 690 ## - LOCAL SUBJECT ADDED ENTRY--TOPICAL TERM (OCLC, RLIN) | |
| Topical term or geographic name as entry element | REGENERATION |
| 700 ## - ADDED ENTRY--PERSONAL NAME | |
| Personal name | Adamson, D. |
| 700 ## - ADDED ENTRY--PERSONAL NAME | |
| Personal name | Comfort, D. |
| 700 ## - ADDED ENTRY--PERSONAL NAME | |
| Personal name | Hillier, D. |
| 942 ## - ADDED ENTRY ELEMENTS (KOHA) | |
| Suppress in OPAC | 0 |
| Withdrawn status | Lost status | Source of classification or shelving scheme | Damaged status | Not for loan | Home library | Current library | Shelving location | Date acquired | Total Checkouts | Full call number | Barcode | Date last seen | Copy number | Price effective from | Koha item type |
|---|---|---|---|---|---|---|---|---|---|---|---|---|---|---|---|
| Dewey Decimal Classification | London | London | Journal article | 09/08/2004 | ABS68165 | 127031-1001 | 06/08/2019 | 1 | 06/08/2019 | Journal article |